<?xml version="1.0" encoding="UTF-8"?>
<record
    xmlns:xsi="http://www.w3.org/2001/XMLSchema-instance"
    xsi:schemaLocation="http://www.loc.gov/MARC21/slim http://www.loc.gov/standards/marcxml/schema/MARC21slim.xsd"
    xmlns="http://www.loc.gov/MARC21/slim">

  <leader>01555nam a2200217Ia 4500</leader>
  <datafield tag="952" ind1=" " ind2=" ">
    <subfield code="0">0</subfield>
    <subfield code="1">0</subfield>
    <subfield code="2">lcc</subfield>
    <subfield code="4">0</subfield>
    <subfield code="7">0</subfield>
    <subfield code="a">22</subfield>
    <subfield code="b">22</subfield>
    <subfield code="d">2010-10-11</subfield>
    <subfield code="l">7</subfield>
    <subfield code="o">332.6 C836a 2009</subfield>
    <subfield code="p">01 012454</subfield>
    <subfield code="r">2019-02-13</subfield>
    <subfield code="s">2019-02-13</subfield>
    <subfield code="t">1</subfield>
    <subfield code="w">2012-06-24</subfield>
    <subfield code="y">LB</subfield>
  </datafield>
  <datafield tag="952" ind1=" " ind2=" ">
    <subfield code="0">0</subfield>
    <subfield code="1">0</subfield>
    <subfield code="2">lcc</subfield>
    <subfield code="4">0</subfield>
    <subfield code="7">0</subfield>
    <subfield code="a">13</subfield>
    <subfield code="b">13</subfield>
    <subfield code="d">2010-10-11</subfield>
    <subfield code="l">0</subfield>
    <subfield code="o">332.6 C836a 2009</subfield>
    <subfield code="p">13 005122</subfield>
    <subfield code="r">2023-07-08</subfield>
    <subfield code="t">2</subfield>
    <subfield code="w">2012-06-24</subfield>
    <subfield code="y">LB</subfield>
    <subfield code="f"></subfield>
  </datafield>
  <datafield tag="952" ind1=" " ind2=" ">
    <subfield code="0">0</subfield>
    <subfield code="1">0</subfield>
    <subfield code="2">lcc</subfield>
    <subfield code="4">0</subfield>
    <subfield code="7">0</subfield>
    <subfield code="a">13</subfield>
    <subfield code="b">13</subfield>
    <subfield code="d">2011-02-21</subfield>
    <subfield code="l">2</subfield>
    <subfield code="o">332.6 C836a 2009</subfield>
    <subfield code="p">13 005103</subfield>
    <subfield code="r">2023-07-08</subfield>
    <subfield code="s">2019-07-09</subfield>
    <subfield code="t">3</subfield>
    <subfield code="w">2012-06-24</subfield>
    <subfield code="y">LB</subfield>
    <subfield code="f"></subfield>
  </datafield>
  <datafield tag="952" ind1=" " ind2=" ">
    <subfield code="0">0</subfield>
    <subfield code="1">0</subfield>
    <subfield code="4">0</subfield>
    <subfield code="7">0</subfield>
    <subfield code="a">01</subfield>
    <subfield code="b">01</subfield>
    <subfield code="d">2011-02-21</subfield>
    <subfield code="l">0</subfield>
    <subfield code="o">332.6 C836a 2009</subfield>
    <subfield code="p">01 012541</subfield>
    <subfield code="r">2012-06-24</subfield>
    <subfield code="t">4</subfield>
    <subfield code="w">2012-06-24</subfield>
    <subfield code="y">LB</subfield>
  </datafield>
  <datafield tag="952" ind1=" " ind2=" ">
    <subfield code="0">0</subfield>
    <subfield code="1">0</subfield>
    <subfield code="4">0</subfield>
    <subfield code="7">0</subfield>
    <subfield code="a">01</subfield>
    <subfield code="b">01</subfield>
    <subfield code="d">2017-05-19</subfield>
    <subfield code="l">0</subfield>
    <subfield code="o">332.6 C836a 2009</subfield>
    <subfield code="p">01 006698</subfield>
    <subfield code="r">2017-05-19</subfield>
    <subfield code="t">5</subfield>
    <subfield code="w">2017-05-19</subfield>
    <subfield code="y">LB</subfield>
  </datafield>
  <datafield tag="952" ind1=" " ind2=" ">
    <subfield code="0">0</subfield>
    <subfield code="1">0</subfield>
    <subfield code="4">0</subfield>
    <subfield code="7">0</subfield>
    <subfield code="a">01</subfield>
    <subfield code="b">01</subfield>
    <subfield code="d">2017-05-19</subfield>
    <subfield code="l">1</subfield>
    <subfield code="o">332.6 C836a 2009</subfield>
    <subfield code="p">01 006701</subfield>
    <subfield code="r">2017-06-29</subfield>
    <subfield code="s">2017-06-28</subfield>
    <subfield code="t">6</subfield>
    <subfield code="w">2017-05-19</subfield>
    <subfield code="y">LB</subfield>
  </datafield>
  <datafield tag="952" ind1=" " ind2=" ">
    <subfield code="0">0</subfield>
    <subfield code="1">0</subfield>
    <subfield code="4">0</subfield>
    <subfield code="7">0</subfield>
    <subfield code="a">01</subfield>
    <subfield code="b">01</subfield>
    <subfield code="d">2017-05-19</subfield>
    <subfield code="l">1</subfield>
    <subfield code="o">332.6 C836a 2009</subfield>
    <subfield code="p">01 006702</subfield>
    <subfield code="r">2025-03-18</subfield>
    <subfield code="s">2017-06-23</subfield>
    <subfield code="t">7</subfield>
    <subfield code="w">2017-05-19</subfield>
    <subfield code="y">LB</subfield>
  </datafield>
  <datafield tag="952" ind1=" " ind2=" ">
    <subfield code="0">0</subfield>
    <subfield code="1">0</subfield>
    <subfield code="2">lcc</subfield>
    <subfield code="4">0</subfield>
    <subfield code="7">0</subfield>
    <subfield code="a">12</subfield>
    <subfield code="b">12</subfield>
    <subfield code="d">2018-06-22</subfield>
    <subfield code="l">0</subfield>
    <subfield code="o">HG4028.C4 C67 2012</subfield>
    <subfield code="p">24 000539</subfield>
    <subfield code="r">2025-02-14</subfield>
    <subfield code="t">1</subfield>
    <subfield code="w">2018-06-22</subfield>
    <subfield code="y">LB</subfield>
  </datafield>
  <datafield tag="999" ind1=" " ind2=" ">
    <subfield code="c">61191</subfield>
    <subfield code="d">61191</subfield>
  </datafield>
  <controlfield tag="005">20231102150715.0</controlfield>
  <controlfield tag="008">120622s2012    mx a          000 0 spa d</controlfield>
  <datafield tag="020" ind1=" " ind2=" ">
    <subfield code="a">9789681813277</subfield>
  </datafield>
  <datafield tag="050" ind1=" " ind2=" ">
    <subfield code="a">HG4028.C4</subfield>
    <subfield code="b">C67 2012</subfield>
  </datafield>
  <datafield tag="100" ind1="1" ind2=" ">
    <subfield code="a">Coss Bu, Ra&#xFA;l</subfield>
    <subfield code="e">autor</subfield>
  </datafield>
  <datafield tag="245" ind1=" " ind2=" ">
    <subfield code="a">An&#xE1;lisis y evaluaci&#xF3;n de proyectos de inversi&#xF3;n</subfield>
    <subfield code="c"> / Ra&#xFA;l Coss Bu</subfield>
  </datafield>
  <datafield tag="250" ind1=" " ind2=" ">
    <subfield code="a">2a. edici&#xF3;n</subfield>
  </datafield>
  <datafield tag="260" ind1=" " ind2=" ">
    <subfield code="a">M&#xE9;xico </subfield>
    <subfield code="b"> : Limusa</subfield>
    <subfield code="c">, 2012</subfield>
  </datafield>
  <datafield tag="300" ind1=" " ind2=" ">
    <subfield code="a">375 p&#xE1;ginas</subfield>
    <subfield code="b">: ilustraciones</subfield>
  </datafield>
  <datafield tag="505" ind1=" " ind2=" ">
    <subfield code="a">Introducci&#xF3;n
Valor del dinero a trav&#xE9;s del tiempo
M&#xE9;todo del valor anual equivalente
M&#xE9;todo del valor presente
M&#xE9;todo de la tasa interna de rendimiento
Consideraci&#xF3;n de impuestos en estudios econ&#xF3;micos
T&#xE9;cnicas de an&#xE1;lisis en estudios de reemplazo
Selecci&#xF3;n de proyectos en condiciones limitadas de presupuesto
Evaluaci&#xF3;n de proyectos de inversi&#xF3;n en situaciones inflacionarias
Costo de capital
Efecto de la inflaci&#xF3;n en el rendimiento de un proyecto y el costo de la fuente utilizada para financiarlo
Distinci&#xF3;n entre decisiones de inversi&#xF3;n y decisiones de financiamiento
An&#xE1;lisis de sensibilidad
Arboles de decision
An&#xE1;lisis de riesgo
Simulaci&#xF3;n
</subfield>
  </datafield>
  <datafield tag="519" ind1=" " ind2=" ">
    <subfield code="a">Plan Flexible /</subfield>
    <subfield code="b">Comercio Internacional / </subfield>
    <subfield code="c">Proyectos de Inversi&#xF3;n (P16-2) /</subfield>
    <subfield code="d">(01 012454, 01 012455, 01 012540, 01 012541, 01 006698, 01 006701, 01 006702)</subfield>
  </datafield>
  <datafield tag="519" ind1=" " ind2=" ">
    <subfield code="a">Plan Flexible /</subfield>
    <subfield code="b">Maestria en Finanzas / </subfield>
    <subfield code="c">Taller de Formulaci&#xF3;n y Evaluaci&#xF3;n Proyectos de Inversi&#xF3;n (MF10-2) /</subfield>
    <subfield code="d">(24 000539)</subfield>
  </datafield>
  <datafield tag="650" ind1="1" ind2="4">
    <subfield code="a">INVERSIONES</subfield>
    <subfield code="x">AN&#xC1;LISIS</subfield>
  </datafield>
  <datafield tag="650" ind1="2" ind2="4">
    <subfield code="a">INVERSIONES DE CAPITAL</subfield>
    <subfield code="x">EVALUACI&#xD3;N</subfield>
  </datafield>
  <datafield tag="942" ind1=" " ind2=" ">
    <subfield code="c">LB</subfield>
  </datafield>
</record>
